ՀՀ Գիտությունների ազգային ակադեմիայի հիմնարար գիտական գրադարան  =   Fundamental Scientific Library of NAS RA

Электрооборудование промпредприятий : (Record no. 435841)

MARC details
000 -LEADER
fixed length control field 01156nam a22002297a 4500
003 - CONTROL NUMBER IDENTIFIER
control field AM-YeHGA
040 ## - CATALOGING SOURCE
Original cataloging agency AM-YeHGA
090 ## - LOCALLY ASSIGNED LC-TYPE CALL NUMBER (OCLC); LOCAL CALL NUMBER (RLIN)
-- 438489
005 - DATE AND TIME OF LATEST TRANSACTION
control field 20250617155620.0
008 - FIXED-LENGTH DATA ELEMENTS--GENERAL INFORMATION
fixed length control field 190829s ||||| |||| 00| 0 rus d
041 0# - LANGUAGE CODE
Language code of text/sound track or separate title rus
100 1# - MAIN ENTRY--PERSONAL NAME
Personal name Миллер, Евгений Владимирович.
245 10 - TITLE STATEMENT
Title Электрооборудование промпредприятий :
Remainder of title Учеб. пособие /
Statement of responsibility, etc. Е.В. Миллер; Сев.-зап. заоч. политехн. ин-т.
260 ## - PUBLICATION, DISTRIBUTION, ETC.
Place of publication, distribution, etc. Ленинград :
Name of publisher, distributor, etc. [б. и.],
Date of publication, distribution, etc. 1959.-
300 ## - PHYSICAL DESCRIPTION
Extent раздел.
505 10 - FORMATTED CONTENTS NOTE
Miscellaneous information Раздел 1 (1959 : 219 с. : [1] л. схем. : черт. ) :
Title Электрооборудование и автоматика общепромышленных производственных механизмов.
653 0# - INDEX TERM--UNCONTROLLED
Uncontrolled term Автоматика
653 0# - INDEX TERM--UNCONTROLLED
Uncontrolled term Электрооборудование
653 0# - INDEX TERM--UNCONTROLLED
Uncontrolled term Общепромышленные производственные механизмы
710 2# - ADDED ENTRY--CORPORATE NAME
Corporate name or jurisdiction name as entry element Северо-запападный заочный политехнический институт.
942 ## - ADDED ENTRY ELEMENTS (KOHA)
Source of classification or shelving scheme Universal Decimal Classification
Koha item type Գրքեր / Books
Holdings
Withdrawn status Lost status Source of classification or shelving scheme Damaged status Not for loan Collection Home library Current library Date acquired Serial enumeration / chronology Total checkouts Full call number Barcode Date last seen Price effective from Koha item type Public note
    Universal Decimal Classification     General Fundamental Scientific Library Fundamental Scientific Library 29/08/2019 Раздел 1   PII/13420 FL0588645 29/08/2019 29/08/2019 Գրքեր / Books 30 Days Loan


ՀՀ ԳԱԱ հիմնարար գիտական գրադարան
ՀՀ,Երևան 0019
Մարշալ Բաղրամյան 24/6
հեռախոս:(374-10) 52-47-50
Հետադարձ կապ

All site content, except where otherwise noted, is licensed under a
Creative Commons License